000 00798nam a2200241Ia 4500
003 OSt
005 20220923214009.0
006 a|||||r|||| 00| 0
007 ta
008 220922b |||||||| |||| 00| 0 hin d
024 _a166,313
037 _cTextual
040 _aARTS
_cARTS
_bhin
041 _2hin
_ahin
082 _aO152,1J32:g, J4
100 _aपाण्डेय, चंद्रबली
245 0 _aतुलसी की जीवन-भूमि
246 _aTulasī kī jīvana-bhūmi
260 _aकाशी
_b नागारीप्रचारिणी
_c1954
650 _aहिन्दी साहित्य
_9156264
942 _hO152,1J32:g, J4
_cTEXL
_2CC
999 _c320792
_d320792